000 00997nam a22003017a 4500
001 BR9204016
003 BR-BrBNA
005 20230928093644.0
007 ta
008 230509b bl.||||| |||| 00| 0 por d
040 _aBR-BrBNA
_bpor
_cBiblioteca Nacional de Agricultura
041 _a(Por)
072 _aL53
_b5212
090 _ 5212 BR9204016
100 1 _aHolanda, G.M.L. de
110 1 _aUniversidade Federal de Minas Gerais, Belo Horizonte (Brasil). Escola de Veterinaria
_0Tese (Mestre em Medicina Veterinaria)
245 1 _aAtivacao partenogenetica de oocitos bovinos cultivados "in vivo"
246 1 _a[Parthenogenetic activation of cattle oocytes matured "in vivo"!
260 3 _aBelo Horizonte, MG (Brasil):
_c1991.
300 _a95 p.
500 _aBibliography p. 64-79 (99 ref.); Summary (Por); 7 illus.
650 _aBOVINO
650 _aREPRODUCAO ANIMAL
650 _aEMBRIAO ANIMAL
650 _aOVARIO
909 _a202309
_bLucia
_c55
_dLucia Elande
942 _cBK
999 _c46286
_d46286